=LDR 00000nam 2200000 4500 =001 INLIS000000000014270 =005 20130612105540 =008 ***********************************Ind** =035 ##$$0010-061300000014270 =041 ##$$a Ind =082 ##$$a R. 398.809-598 03 =090 ##$$a R. 398.809-598 03, Pan k =100 ##$$a Panut , Sugeng =245 ##$$a Kamus pribahasa Indonesia, Sugeng Panut =260 ##$$a 1997 $b Jakarta =300 ##$$a v1, 268 hlm, 20 cm =650 ##$$a Pribahasa - Kamus =850 ##$$a NBPNMAT